Sangra etérea piel

Saved in:
Bibliographic Details
Main Author: Cortés Moyano, Marcela (Author)
Format: Book
Language:Spanish
Published: s.l De La Gorra 2019
Edition:1a. ed
Subjects:
Tags: Add Tag
No Tags, Be the first to tag this record!

MARC

LEADER 00000cam a2200000 a 4500
001 UCC7351
003 CL-VaPUC
008 190322e20190000cl |||||||||||||||||spa|d
082 0 4 |a Ch861  |b COR  |2 21 
100 0 |a Cortés Moyano, Marcela  |e author  |9 601927 
245 1 0 |a Sangra etérea piel 
250 |a 1a. ed 
300 |a 110 p 
942 |c BK 
945 |d 20190322 14:57:00  |a dcastane 
260 |a s.l  |b De La Gorra  |c 2019 
650 0 |a Poesías chilenas   |9 265280 
650 0 |a Literatura chilena   |9 308278 
583 |a last modification  |c 20190322 14:57:00  |k Rodrigo Vera 
999 |c 374021  |d 374019 
952 |0 0  |1 0  |3 erb  |4 0  |6 CH_861_000000000000000_COR_2019  |7 0  |8 A  |9 492370  |a BIBEDU  |b BIBEDU  |c ES_NOD  |i 5538246  |o Ch861 COR 2019  |p 5538246  |r 2023-08-09  |w 2019-11-24  |y BK  |z Catalogado en:20190322  |k LIT